000 00775nam a2200229 a 4500
999 _c11882
_d11882
001 11882
003 BD-JhCC
005 20220228134022.0
008 201123s2018 bg |||| ||a| 000 0 ben d
020 _a9789846341218
035 _a(BD-JhCC)11882
040 _aBD-JhCC
_dBD-JhCC
041 _aben
082 _a891.3
_bKAM 2018
100 _aকামাল, মোস্তফা
245 _aসায়েন্স ফিকশন:
_bবিজ্ঞানী লীরা ও এলিয়েন /
_cমোস্তফা কামাল ।
260 _aঢাকা:
_bপাঞ্জেরী পাবলিকেশন লি;
_c২০১৮.
300 _a88 p. :
_c22 cm.
650 _aBengali Science Fiction
942 _2ddc
_cBK
_04